000
003190000a22001450004500
003
MACL
040
_a
MACL
090
_c
33955
_d
33953
100
_a
Husted Robert
245
_a
Server Side java Script
260
_b
Addison Wesley
_c
2000
350
_a
350
650
_a
Computer probraming
942
_c
BOOK
_k
005.133/Hus
999
_c
33599
_d
33599